Global Povety (Record no. 633819)

MARC details
000 -LEADER
fixed length control field 00860nam a2200253Ia 4500
003 - CONTROL NUMBER IDENTIFIER
control field OSt
005 - DATE AND TIME OF LATEST TRANSACTION
control field 20220926020249.0
008 - FIXED-LENGTH DATA ELEMENTS--GENERAL INFORMATION
fixed length control field 220923b |||||||| |||| 00| 0 fre d
020 ## - INTERNATIONAL STANDARD BOOK NUMBER
International Standard Book Number 9780415490788
037 ## - SOURCE OF ACQUISITION
Terms of availability General Book
040 ## - CATALOGING SOURCE
Original cataloging agency RTL
Transcribing agency RTL
Language of cataloging fre
041 ## - LANGUAGE CODE
Source of code fre
Language code of text/sound track or separate title fre
100 ## - MAIN ENTRY--PERSONAL NAME
Personal name Hulme David
245 #0 - TITLE STATEMENT
Title Global Povety
Remainder of title How global governance is failng the Poor.
260 ## - PUBLICATION, DISTRIBUTION, ETC.
Place of publication, distribution, etc. New York
Name of publisher, distributor, etc. Routledge
Date of publication, distribution, etc. 2010
300 ## - PHYSICAL DESCRIPTION
Extent xxx, 246p Bibliography:P.236-237
Dimensions cm.
490 ## - SERIES STATEMENT
Series statement Routledge Global Institutions
650 ## - SUBJECT ADDED ENTRY--TOPICAL TERM
Topical term or geographic name entry element Geography
942 ## - ADDED ENTRY ELEMENTS (KOHA)
Classification part Y9(X991(Y:434), Q0
Koha item type General Books
Source of classification or shelving scheme Colon Classification (CC)
Holdings
Withdrawn status Lost status Damaged status Not for loan Home library Current library Date acquired Source of acquisition Cost, normal purchase price Total Checkouts Full call number Barcode Date last seen Cost, replacement price Price effective from Koha item type
        Ratan Tata Library Ratan Tata Library 2022-09-26 10516, 27/01/2012, Elite Publisher Distributors 1470.83   Y9(X991(Y:434) Q0 RT1476098 2022-09-26 1470.83 2022-09-26 General Books
Copyright @ Delhi University Library System